000 00899nam a2200253Ia 4500
003 OSt
005 20220923230959.0
006 a|||||r|||| 00| 0
007 ta
008 Pun
020 _c425
024 _a328,262
037 _bSP/5380, 17/03/2018, Star Publications (Pvt.) Ltd.
_cTextual
040 _aARTS
_cARTS
_bPun
041 _2Pun
_aPun
082 _aO168,3N12x, 153Q7
100 _aਤਰਸੇਮ, ਐੱਸ., ਥਦ.
245 0 _aਮੰਟੋ ਦੀਆਂ ਚੋਣਵੀਆਂ ਕਹਾਣੀਆਂ ਤੇ ਕੁਝ ਹੋਰ
260 _aਨਵੀ੍ਵ ਦਿੱਲੀ
_b ਆਰਸੀ ਪੁਬਲਿFਰਗ਼
_c2017
300 _a228ਪੰ0
_ccm.
650 _aਉਰਦੂ ਸਾਹਿਤ
942 _hO168,3N12x, 153Q7
_cTEXL
_2CC
999 _c388570
_d388570